[Event "Montevideo Duchamp Cup 7th"]
[Site "Montevideo"]
[Date "2024.02.07"]
[Round "7"]
[White "Saralegui Cassan, Mario"]
[Black "Diaz Rosas, Alvaro"]
[Result "1-0"]
[WhiteElo "1994"]
[BlackElo "1783"]
[PlyCount "95"]
[EventDate "2024.02.01"]
[EventType "swiss"]
[EventRounds "9"]
[EventCountry "URU"]
[SourceTitle "CB07_2024"]
[SourceDate "2024.02.14"]
[SourceVersion "1"]
[SourceVersionDate "2024.02.14"]
[SourceQuality "1"]

1. d4 Nf6 2. c4 c5 3. d5 e6 4. Nc3 exd5 5. cxd5 d6 6. Nf3 g6 7. h3 Bg7 8. Bf4 0-0 9. e3 a6 10. a4 Re8 11. Bd3 Qc7 12. Nd2 Nh5 13. Bh2 Be5 14. 0-0 Bxh2+ 15. Kxh2 Nd7 16. Be2 Ng7 17. a5 b5 18. axb6 Nxb6 19. Nde4 Qe7 20. Qb3 Nd7 21. Nd2 Nf6 22. Nc4 Ne4 23. Nxe4 Qxe4 24. Kg1 Nf5 25. Bd3 Qxd5 26. Bxf5 Bxf5 27. Rad1 Qc6 28. Rxd6 Qb5 29. Qa2 Be6 30. b3 Reb8 31. Rfd1 a5 32. Rc1 a4 33. Qd2 axb3 34. Nb2 Qa5 35. Qd3 Rd8 36. e4 Rxd6 37. Qxd6 Rc8 38. f4 Qd8 39. Qe5 Qd2 40. Rd1 Qe3+ 41. Kh2 c4 42. Rd6 Re8 43. Nxc4 Qc1 44. Nb2 Rc8 45. Nd3 Qc3 46. Rd8+ Rxd8 47. Qxc3 Rc8 48. Qb4 1-0

[Event "Montevideo Duchamp Cup 7th"]
[Site "Montevideo"]
[Date "2024.02.03"]
[Round "3"]
[White "Acosta, Pablo Ismael"]
[Black "Diaz Rosas, Alvaro"]
[Result "1-0"]
[WhiteElo "2479"]
[BlackElo "1783"]
[PlyCount "49"]
[EventDate "2024.02.01"]
[EventType "swiss"]
[EventRounds "9"]
[EventCountry "URU"]
[SourceTitle "CB07_2024"]
[SourceDate "2024.02.14"]
[SourceVersion "1"]
[SourceVersionDate "2024.02.14"]
[SourceQuality "1"]

1. e4 e5 2. Nf3 Nc6 3. Bb5 a6 4. Ba4 Nf6 5. 0-0 Nxe4 6. Re1 Nc5 7. Bxc6 dxc6 8. Nxe5 Be7 9. d4 Ne6 10. Be3 0-0 11. Nc3 Bd6 12. f4 f6 13. Nd3 Re8 14. f5 Ng5 15. Bxg5 fxg5 16. Rxe8+ Qxe8 17. Qf3 Bd7 18. Ne4 Qf7 19. g4 Qd5 20. c3 Re8 21. Nxg5 Qxf3 22. Nxf3 Re2 23. Kf1 Rc2 24. Ke1 Rg2 25. Nf2 1-0

[Event "Montevideo Duchamp Cup 7th"]
[Site "Montevideo"]
[Date "2024.02.02"]
[Round "2"]
[White "Diaz Rosas, Alvaro"]
[Black "Gonzalez Culi, Diego"]
[Result "1/2-1/2"]
[WhiteElo "1783"]
[BlackElo "2099"]
[PlyCount "151"]
[EventDate "2024.02.01"]
[EventType "swiss"]
[EventRounds "9"]
[EventCountry "URU"]
[SourceTitle "CB07_2024"]
[SourceDate "2024.02.14"]
[SourceVersion "1"]
[SourceVersionDate "2024.02.14"]
[SourceQuality "1"]

1. e4 e5 2. Nf3 Nc6 3. Bb5 a6 4. Ba4 Nf6 5. d3 d6 6. Nbd2 Bd7 7. 0-0 g6 8. c3 Bg7 9. Re1 0-0 10. Nf1 Nh5 11. Bg5 Qe8 12. Qd2 b5 13. Bb3 Na5 14. Ng3 Nxb3 15. axb3 Nxg3 16. hxg3 f5 17. Nh4 f4 18. gxf4 h6 19. fxe5 hxg5 20. Qxg5 Qxe5 21. Qxe5 Bxe5 22. Nxg6 Rf6 23. Nxe5 dxe5 24. b4 Rg6 25. f3 Bh3 26. Kh2 Be6 27. g4 Rd8 28. Red1 Bb3 29. Rd2 Rgd6 30. d4 exd4 31. cxd4 Rxd4 32. Rxd4 Rxd4 33. Rxa6 Rxb4 34. Ra8+ Kf7 35. Ra7 Rc4 36. Rb7 b4 37. Kg3 Bd1 38. f4 Rxe4 39. Rxc7+ Kf6 40. g5+ Ke6 41. Rc5 Re3+ 42. Kg2 Bg4 43. g6 Kf6 44. Rb5 b3 45. Rb6+ Kg7 46. Kf2 Rf3+ 47. Ke1 Bf5 48. Rb4 Kxg6 49. Kd1 Bc2+ 50. Kd2 Kf5 51. Rb8 Kxf4 52. Rf8+ Kg3 53. Rxf3+ Kxf3 54. Kc1 Ke4 55. Kd2 Kd4 56. Kc1 Bd3 57. Kd2 Bf1 58. Kd1 Bh3 59. Kd2 Bf5 60. Kd1 Kd3 61. Kc1 Ke3 62. Kd1 Bg6 63. Kc1 Kf2 64. Kd2 Kf1 65. Kc1 Bc2 66. Kd2 Kf2 67. Kc1 Be4 68. Kd2 Kf3 69. Kc1 Ke3 70. Kd1 Bf5 71. Kc1 Bg6 72. Kd1 Bb1 73. Kc1 Ba2 74. Kd1 Kd3 75. Kc1 Ke3 76. Kd1 1/2-1/2

[Event "Montevideo Trebejos op 03"]
[Site "Montevideo"]
[Date "2022.03.21"]
[Round "5"]
[White "Bon, Charles"]
[Black "Diaz Rosas, Alvaro"]
[Result "1/2-1/2"]
[WhiteElo "1570"]
[BlackElo "1841"]
[PlyCount "62"]
[EventDate "2022.03.07"]
[EventType "swiss"]
[EventRounds "6"]
[EventCountry "URU"]
[SourceTitle "EXT 2023"]
[Source "ChessBase"]
[SourceDate "2022.10.05"]
[SourceVersion "1"]
[SourceVersionDate "2022.10.05"]
[SourceQuality "1"]

1. e4 e5 2. Nf3 Nc6 3. Bb5 a6 4. Ba4 Nf6 5. 0-0 Nxe4 6. Re1 Nc5 7. Bxc6 dxc6 8. Nxe5 Be7 9. d4 Ne6 10. c3 0-0 11. b4 f6 12. Nf3 Kh8 13. Nbd2 Ng5 14. Nxg5 fxg5 15. Ne4 Bf5 16. h3 Qd5 17. Nxg5 Bxg5 18. Bxg5 Bxh3 19. gxh3 Qxg5+ 20. Qg4 Qf6 21. Re2 Rae8 22. Rae1 Rxe2 23. Rxe2 h6 24. Kg2 Qd6 25. Qg3 Qd5+ 26. f3 Qf5 27. Qf2 Rf6 28. Qe3 Rg6+ 29. Kh2 Qb1 30. Qe8+ Kh7 31. Qe3 Kh8 1/2-1/2

[Event "Montevideo Trebejos op 03"]
[Site "Montevideo"]
[Date "2021.03.15"]
[Round "4"]
[White "Moreno, Diego"]
[Black "Diaz Rosas, Alvaro"]
[Result "0-1"]
[WhiteElo "1521"]
[BlackElo "1869"]
[PlyCount "96"]
[EventDate "2021.03.08"]
[EventType "swiss"]
[EventRounds "6"]
[EventCountry "URU"]
[SourceTitle "EXT 2022"]
[Source "ChessBase"]
[SourceDate "2021.10.06"]
[SourceVersion "1"]
[SourceVersionDate "2021.10.06"]
[SourceQuality "1"]

1. e4 e5 2. Nf3 Nc6 3. d4 exd4 4. Nxd4 Bc5 5. Be3 Qf6 6. c3 Nge7 7. Be2 Bb6 8. 0-0 a6 9. Nxc6 Nxc6 10. Bxb6 cxb6 11. Na3 b5 12. Nc2 0-0 13. Ne3 Ne7 14. Nd5 Nxd5 15. Qxd5 Re8 16. Rad1 Re5 17. Qd4 d5 18. Bf3 Bd7 19. exd5 Rd8 20. Qa7 Bh3 21. Rd3 Qg6 22. Be4 Qxe4 23. Rxh3 Qxd5 24. Re3 Rxe3 25. Qxe3 Qxa2 26. Re1 h6 27. b4 Qc4 28. Rc1 Rd3 29. Qe5 Rd8 30. h3 Qc6 31. Qe3 Qc7 32. Re1 b6 33. Qe2 Qxc3 34. Qe7 Qd4 35. Qb7 Qxb4 36. Ra1 a5 37. Qxb6 Ra8 38. Qc6 Rf8 39. Kh2 a4 40. Qb6 Qb3 41. Qc5 b4 42. Qf5 a3 43. Rb1 Qc4 44. Ra1 a2 45. Qa5 b3 46. Qa3 Rb8 47. Qb2 Rc8 48. Kg3 Qc3+ 0-1

[Event "Montevideo Trebejos Primavera op"]
[Site "Montevideo"]
[Date "2019.09.20"]
[Round "4"]
[White "Kiel, Horacio"]
[Black "Diaz Rosas, Alvaro"]
[Result "0-1"]
[WhiteElo "1583"]
[BlackElo "1897"]
[PlyCount "40"]
[EventDate "2019.09.09"]
[EventType "swiss"]
[EventRounds "6"]
[EventCountry "URU"]
[SourceTitle "CBM 195 Extra"]
[Source "ChessBase"]
[SourceDate "2020.05.31"]
[SourceVersion "1"]
[SourceVersionDate "2020.05.31"]
[SourceQuality "1"]

1. d4 Nf6 2. Nf3 g6 3. Bf4 Bg7 4. Nc3 c5 5. d5 d6 6. h3 0-0 7. e4 Qa5 8. Bd2 a6 9. Bd3 Qc7 10. a4 e6 11. 0-0 exd5 12. exd5 Nbd7 13. Bf4 Nh5 14. Bd2 Ne5 15. Nxe5 Bxe5 16. f4 Bd4+ 17. Kh2 Bd7 18. f5 Be5+ 19. Kg1 c4 20. Be2 Qb6+ 0-1

[Event "Montevideo Trebejos Nostalgico op"]
[Site "Montevideo"]
[Date "2019.08.19"]
[Round "5"]
[White "Diaz Rosas, Alvaro"]
[Black "Avedisian, Alexander"]
[Result "1/2-1/2"]
[WhiteElo "1893"]
[BlackElo "1866"]
[PlyCount "80"]
[EventDate "2019.08.05"]
[EventType "swiss"]
[EventRounds "6"]
[EventCountry "URU"]
[SourceTitle "EXT 2020"]
[Source "ChessBase"]
[SourceDate "2019.10.17"]
[SourceVersion "1"]
[SourceVersionDate "2019.10.17"]
[SourceQuality "1"]

1. e4 c5 2. Nf3 g6 3. d4 cxd4 4. Nxd4 Nc6 5. Nc3 Bg7 6. Be3 Nf6 7. Bc4 Qa5 8. 0-0 0-0 9. Bb3 d6 10. Nd5 Nxd5 11. exd5 Ne5 12. Ne2 Qb4 13. f4 Nc4 14. Bxc4 Qxc4 15. c3 Bg4 16. Re1 h5 17. h3 Bf5 18. b3 Qe4 19. Ng3 Qd3 20. Nxf5 Qxf5 21. Rc1 Rac8 22. c4 b6 23. Qc2 Qf6 24. Qf2 e6 25. Rcd1 Rcd8 26. Bd4 Qf5 27. Bxg7 Kxg7 28. Qd4+ Qf6 29. dxe6 Qxd4+ 30. Rxd4 Rfe8 31. e7 Rd7 32. Red1 Rdxe7 33. Rxd6 Re2 34. R6d2 R8e4 35. Rxe2 Rxe2 36. a4 Rb2 37. Rd3 h4 38. Rd7 Rxb3 39. Rxa7 Rb4 40. Kf2 Rxc4 1/2-1/2

[Event "Montevideo Trebejos Nostalgico op"]
[Site "Montevideo"]
[Date "2019.08.16"]
[Round "4"]
[White "Saralegui Cassan, Mario"]
[Black "Diaz Rosas, Alvaro"]
[Result "1/2-1/2"]
[WhiteElo "2062"]
[BlackElo "1893"]
[PlyCount "106"]
[EventDate "2019.08.05"]
[EventType "swiss"]
[EventRounds "6"]
[EventCountry "URU"]
[SourceTitle "EXT 2020"]
[Source "ChessBase"]
[SourceDate "2019.10.17"]
[SourceVersion "1"]
[SourceVersionDate "2019.10.17"]
[SourceQuality "1"]

1. d4 Nf6 2. c4 c5 3. d5 b5 4. cxb5 a6 5. b6 g6 6. Nc3 d6 7. e4 Nbd7 8. Nf3 Qxb6 9. Be2 Bg7 10. 0-0 0-0 11. a4 Ne8 12. a5 Qb7 13. Nd2 Nc7 14. Ra3 Nb5 15. Rb3 Nxc3 16. bxc3 Qc7 17. Nc4 Rb8 18. Rxb8 Qxb8 19. Bg5 Re8 20. Qc2 e6 21. dxe6 Rxe6 22. Rd1 Bb7 23. f3 Ne5 24. Nxe5 Bxe5 25. Bc4 Re8 26. Qb3 Qc7 27. Rb1 d5 28. Bxd5 Bxd5 29. Qxd5 Bxh2+ 30. Kh1 Bg3 31. Rb7 Rb8 32. Rxb8+ Qxb8 33. Qxc5 Qb1+ 34. Qg1 Qc2 35. Qc1 Qxc1+ 36. Bxc1 Bc7 37. Kg1 Bxa5 38. Bb2 Kf8 39. Kf2 Ke7 40. Ke3 Ke6 41. Kd3 f5 42. c4 Bb4 43. Bd4 h5 44. c5 Ba5 45. Kc4 fxe4 46. fxe4 g5 47. Be3 g4 48. Bf4 h4 49. c6 h3 50. gxh3 gxh3 51. Kc5 Ke7 52. Bh2 Ke6 53. Bf4 Ke7 1/2-1/2

[Event "Montevideo Trebejos op 07"]
[Site "Montevideo"]
[Date "2018.07.23"]
[Round "5"]
[White "Diaz Rosas, Alvaro"]
[Black "Roman, Enrique"]
[Result "1-0"]
[WhiteElo "1864"]
[BlackElo "1334"]
[PlyCount "79"]
[EventDate "2018.07.11"]
[EventType "swiss"]
[EventRounds "7"]
[EventCountry "URU"]
[SourceTitle "EXT 2019"]
[Source "ChessBase"]
[SourceDate "2018.10.10"]
[SourceVersion "1"]
[SourceVersionDate "2018.10.10"]
[SourceQuality "1"]

1. e4 e6 2. d4 d5 3. Nc3 c5 4. exd5 exd5 5. dxc5 Nf6 6. Be3 Be7 7. Bb5+ Nc6 8. Nge2 0-0 9. h3 a6 10. Ba4 Bf5 11. Bb3 Be6 12. 0-0 Qd7 13. Na4 Bd8 14. Nb6 Bxb6 15. cxb6 Rad8 16. Nd4 Nxd4 17. Qxd4 Bxh3 18. gxh3 Qxh3 19. Qf4 Kh8 20. Qg3 Qf5 21. f3 Nh5 22. Qg4 Qe5 23. Bd4 Qg3+ 24. Qxg3 Nxg3 25. Rfe1 Rg8 26. Re5 Rd6 27. Kf2 f6 28. Rxd5 Rxd5 29. Bxd5 Rd8 30. c4 Nf5 31. Bc5 Rd7 32. Re1 h6 33. Re8+ Kh7 34. Rb8 Nd6 35. Bxd6 Rxd6 36. Rxb7 Kg6 37. Rb8 h5 38. b7 Rb6 39. b3 Kf5 40. Rh8 1-0